Puoliksi yhden kirjaimen valtiot - Statistics

Yleistilastot
  • Tätä visaa on pelattu 1 522 kertaa
  • Keskiarvotulos 3 / 5
Vastaustilastot
kirjain valtio % Oikein
O Togo
71%
A Kanada
69%
O Kosovo
58%
A Panama
55%
A Bahama
42%
Ehtoja vastaavia visoja ei löytynyt
Tulosjakauma
Jokaisen tuloksen saaneiden osuus
Persentiili vastausten määrän mukaan
Tuloshistoriasi
Et ole pelannut tätä visaa